القوة و الحركة / (رقم التسجيلة. 128869)

تفاصيل مارك
000 -LEADER
fixed length control field 00604nam a22002057a 4500
005 - DATE AND TIME OF LATEST TRANSACTION
control field 20251108175219.0
008 - FIXED-LENGTH DATA ELEMENTS--GENERAL INFORMATION
fixed length control field 250721s2001 xx 000 0 ara d
020 ## - INTERNATIONAL STANDARD BOOK NUMBER
International Standard Book Number 9960208060
082 14 - DEWEY DECIMAL CLASSIFICATION NUMBER
Classification number م/ط/531.1/دكس
100 1# - MAIN ENTRY--PERSONAL NAME
Personal name دكسون، مالكوم
245 10 - TITLE STATEMENT
Title القوة و الحركة /
264 1# - PRODUCTION, PUBLICATION, DISTRIBUTION, MANUFACTURE, AND COPYRIGHT NOTICE
Place of production, publication, distribution, manufacture الرياض :
Name of producer, publisher, distributor, manufacturer مكتبة العبيكات،
Date of production, publication, distribution, manufacture, or copyright notice 2001.
300 ## - PHYSICAL DESCRIPTION
Extent 30 ص.
490 0# - SERIES STATEMENT
Series statement علماء صغار يبتكرون
650 17 - SUBJECT ADDED ENTRY--TOPICAL TERM
Topical term or geographic name as entry element القوة
650 17 - SUBJECT ADDED ENTRY--TOPICAL TERM
Topical term or geographic name as entry element الحركة
653 ## - INDEX TERM--UNCONTROLLED
Uncontrolled term اطفال مرحلة متوسطة (6-9) سنوات
942 ## - ADDED ENTRY ELEMENTS (KOHA)
Source of classification or shelving scheme Dewey Decimal Classification
Koha item type مراجع
المقتنيات
حالة السحب حالة الفقدان مصدر التصنيف حالة التلف غير قابل للإعارة المكتبة الرئيسية المكتبة الحالية موقع الرف تاريخ التزويد الرقم المتسلسل Total Checkouts رقم الإستدعاء الباركود تاريخ آخر ظهور تاريخ الفاتورة نوع المادة (كوها)
    Dewey Decimal Classification     مكتبة البشائر للأطفال مكتبة البشائر للأطفال الإعارة 21/05/2015 529116   م/ط/531.1/دكس PLD00325586 28/07/2025 21/05/2015 مراجع
    Dewey Decimal Classification   Not For Loan مكتبة قتيبة للأطفال مكتبة قتيبة للأطفال الأطفال 26/02/2018 1667377   م/ط/531.1/دكس PLD00417969 28/07/2025 26/02/2018 مراجع
    Dewey Decimal Classification   Not For Loan مكتبة الأميرة سلمى مكتبة الأميرة سلمى مراجع 02/03/2016 569994   م/ط/531.1/دكس PLD00377700 28/07/2025 02/03/2016 مراجع
    Dewey Decimal Classification   Not For Loan مكتبة الأميرة سلمى مكتبة الأميرة سلمى مراجع 02/03/2016 565667   م/ط/531.1/دكس PLD00377701 28/07/2025 02/03/2016 مراجع
    Dewey Decimal Classification     مكتبة الياسمين للأطفال مكتبة الياسمين للأطفال الأطفال 28/07/2025 556866   م/ط/531.1/دكس PLD00295930 28/07/2025 28/07/2025 مراجع
    Dewey Decimal Classification     مكتبة الياسمين للأطفال مكتبة الياسمين للأطفال الأطفال 01/04/2014 559273   م/ط/531.1/دكس PLD00297479 28/07/2025 01/04/2014 مراجع
Implemented & Customized by: BBB with SCIT (Smart Chains for Information Technology)

Powered by Koha